Pays frontaliers de la Syrie - Statistiques

Statistiques générales
  • Ce quiz a été pris 73 fois
  • Le résultat moyen est 6 sur 6
Statistiques - réponses
Km Pays % Correct
375 Liban
100%
605 Irak
97%
76 Israël
96%
375 Jordanie
93%
822 Turquie
93%
50 (maritime) Chypre
79%
Aucun quiz correspondant
Distribution des résultats
% des personnes avec chaque résultat
Percentile par nombre de réponses
Votre historique - résultats
Vous n’avez pas pris ce quiz